La administración basada en la escuela /

Gespeichert in:
Bibliographische Detailangaben
1. Verfasser: Caldwell, Brian J. (autor)
Format: Buch
Sprache:Spanisch
Veröffentlicht: París, Francia : Bruselas, Bélgica : UNESCO, Instituto Internacional para la Planeación de la Educación ; Academia Internacional de la Educación, 2005, c2005
Schriftenreihe:(Políticas Educativas ; 3)
Schlagworte:
Tags: Tag hinzufügen
Keine Tags, Fügen Sie das erste Tag hinzu!

MARC

LEADER 00000nam^a2200000^a^4500
001 000312581
005 20250521000000.0
009 20260310113118.944
037 |a Acervo ITESO - Biblioteca 
041 |a ESP 
082 |a 371. 2  |b CAL 
100 |a Caldwell, Brian J.  |e (autor) 
245 1 3 |a La administración basada en la escuela /  |c B.J. Caldwell. 
264 4 |a París, Francia :  |b UNESCO, Instituto Internacional para la Planeación de la Educación ;  |a Bruselas, Bélgica :  |b Academia Internacional de la Educación,  |c 2005, c2005 
300 |a VII, 23 p. 
336 |a texto  |b txt  |2 rdacontenido 
337 |a sin mediación  |b n  |2 rdamedio 
338 |a volumen  |b nc  |2 rdasoporte 
440 1 |a (Políticas Educativas ;  |v 3) 
649 |a XX 
650 |a Centralización y Descentralización Educativa 
650 |a Competencias (Educación) 
650 |a Administración Educativa -  |x Tema Principal 
650 |a Política Educativa -  |x Tema Principal 
650 |a Proceso Educativo 
650 |a Administración 
650 |a Educación 
910 |a Fondo General 
920 |a Impresos - Libros 
930 |a Colección General 
905 |a 101 
901 |a 0500199312  |b IT1  |c ACC  |i D56508  |u 20250521 
902 |a https://opac.biblio.iteso.mx/vufind/Record/000312581